Alle Formel 1 Fahrer mit mindestens 200 Punkten in einer Saison - Statistiken

Allgemein
  • Dieses Quiz wurde 866 mal gespielt
    10 seit der letzten Aktualisierung
  • Das Durchschnittsergebnis liegt bei 71 aus 72
Antwortstatistiken
Jahr Nationalität Punkte Antwort % Korrekt
2025 Monaco 242 Charles Leclerc
100%
2024 Monaco 356 Charles Leclerc
100%
2023 Monaco 206 Charles Leclerc
100%
2022 Monaco 308 Charles Leclerc
100%
2019 Monaco 264 Charles Leclerc
100%
2023 Spanien 206 Fernando Alonso
100%
2013 Spanien 242 Fernando Alonso
100%
2012 Spanien 278 Fernando Alonso
100%
2011 Spanien 257 Fernando Alonso
100%
2010 Spanien 252 Fernando Alonso
100%
2025 Großbritannien 319 George Russell
100%
2024 Großbritannien 245 George Russell
100%
2022 Großbritannien 275 George Russell
100%
2011 Großbritannien 270 Jenson Button
100%
2010 Großbritannien 214 Jenson Button
100%
2018 Finnland 251 Kimi Räikkönen
100%
2017 Finnland 205 Kimi Räikkönen
100%
2012 Finnland 207 Kimi Räikkönen
100%
2025 Großbritannien 423 Lando Norris
100%
2024 Großbritannien 374 Lando Norris
100%
2023 Großbritannien 205 Lando Norris
100%
2024 Großbritannien 223 Lewis Hamilton
100%
2023 Großbritannien 234 Lewis Hamilton
100%
2022 Großbritannien 240 Lewis Hamilton
100%
2021 Großbritannien 387,5 Lewis Hamilton
100%
2020 Großbritannien 347 Lewis Hamilton
100%
2019 Großbritannien 413 Lewis Hamilton
100%
2018 Großbritannien 408 Lewis Hamilton
100%
2017 Großbritannien 363 Lewis Hamilton
100%
2016 Großbritannien 380 Lewis Hamilton
100%
2015 Großbritannien 381 Lewis Hamilton
100%
2014 Großbritannien 384 Lewis Hamilton
100%
2011 Großbritannien 227 Lewis Hamilton
100%
2010 Großbritannien 240 Lewis Hamilton
100%
2025 Niederlande 421 Max Verstappen
100%
2024 Niederlande 437 Max Verstappen
100%
2023 Niederlande 575 Max Verstappen
100%
2022 Niederlande 454 Max Verstappen
100%
2021 Niederlande 395,5 Max Verstappen
100%
2020 Niederlande 214 Max Verstappen
100%
2019 Niederlande 278 Max Verstappen
100%
2018 Niederlande 249 Max Verstappen
100%
2016 Niederlande 204 Max Verstappen
100%
2016 Deutschland 385 Nico Rosberg
100%
2015 Deutschland 322 Nico Rosberg
100%
2014 Deutschland 317 Nico Rosberg
100%
2019 Deutschland 240 Sebastian Vettel
100%
2018 Deutschland 320 Sebastian Vettel
100%
2017 Deutschland 317 Sebastian Vettel
100%
2016 Deutschland 212 Sebastian Vettel
100%
2015 Deutschland 278 Sebastian Vettel
100%
2013 Deutschland 397 Sebastian Vettel
100%
2012 Deutschland 281 Sebastian Vettel
100%
2011 Deutschland 392 Sebastian Vettel
100%
2010 Deutschland 256 Sebastian Vettel
100%
2023 Mexiko 285 Sergio Perez
100%
2022 Mexiko 305 Sergio Perez
100%
2021 Finnland 226 Valtteri Bottas
100%
2020 Finnland 223 Valtteri Bottas
100%
2019 Finnland 326 Valtteri Bottas
100%
2018 Finnland 247 Valtteri Bottas
100%
2017 Finnland 305 Valtteri Bottas
100%
2024 Spanien 290 Carlos Sainz
90%
2023 Spanien 200 Carlos Sainz
90%
2022 Spanien 246 Carlos Sainz
90%
2011 Australien 258 Mark Webber
90%
2010 Australien 242 Mark Webber
90%
2025 Australien 410 Oscar Piastri
90%
2024 Australien 292 Oscar Piastri
90%
2017 Australien 200 Daniel Ricciardo
80%
2016 Australien 256 Daniel Ricciardo
80%
2014 Australien 238 Daniel Ricciardo
80%
Keine übereinstimmenden Quizze gefunden
Verteilung der Resultate
Anzahl Personen mit jedem Resultat
Perzentil nach korrekt beantworteten Fragen
Ihre Resultats-Entwicklung
Sie haben dieses Quiz seit der letzten Aktualisierung nicht gespielt